Hot hand / (Record no. 3610)

MARC details
000 -LEADER
fixed length control field 00835nam a22002417a 4500
001 - CONTROL NUMBER
control field 3610
003 - CONTROL NUMBER IDENTIFIER
control field FISKH
005 - DATE AND TIME OF LATEST TRANSACTION
control field 20240326082958.0
008 - FIXED-LENGTH DATA ELEMENTS--GENERAL INFORMATION
fixed length control field 240326b cb ||||| |||| 00| 0 eng d
040 ## - CATALOGING SOURCE
Original cataloging agency FISK
Language of cataloging eng
Transcribing agency FISK
Modifying agency FISK
050 ## - LIBRARY OF CONGRESS CALL NUMBER
Classification number PZ7.L97914
082 ## - DEWEY DECIMAL CLASSIFICATION NUMBER
Classification number 813.6
100 ## - MAIN ENTRY--PERSONAL NAME
Personal name Lupica Mike
Dates associated with a name 1952-
245 ## - TITLE STATEMENT
Title Hot hand /
Statement of responsibility, etc. Mike Lupica
260 ## - PUBLICATION, DISTRIBUTION, ETC.
Place of publication, distribution, etc. New York :
Name of publisher, distributor, etc. Scholastic,
Date of publication, distribution, etc. 2008
300 ## - PHYSICAL DESCRIPTION
Extent 165 pages :
Dimensions 20 cm
505 ## - FORMATTED CONTENTS NOTE
Formatted contents note Q
520 ## - SUMMARY, ETC.
Summary, etc. In the wake of his parents' separation, ten-year-old Billy seems to have continual conflicts with his father, who is also his basketball coach, but his quiet, younger brother Ben, a piano prodigy, is having even more trouble adjusting, and only Billy seems to notice.
521 8# - TARGET AUDIENCE NOTE
Target audience note 930
Source Lexile
700 ## - ADDED ENTRY--PERSONAL NAME
Personal name Mike Lupica
942 ## - ADDED ENTRY ELEMENTS (KOHA)
Source of classification or shelving scheme Dewey Decimal Classification
Koha item type Books
Suppress in OPAC No
Holdings
Withdrawn status Lost status Source of classification or shelving scheme Damaged status Not for loan Collection Home library Current library Shelving location Date acquired Total Checkouts Full call number Barcode Date last seen Copy number Price effective from Koha item type
    Dewey Decimal Classification     Fiction Footprints International School Library Network Toul Kork Campus Footprints International School Library Network Toul Kork Campus   03/26/2024   LUP PZ7.L97914 813.6 2024-0403 03/26/2024 1 03/26/2024 Books